| 000 | 00492nam a22001577a 4500 | ||
|---|---|---|---|
| 005 | 20180407100319.0 | ||
| 008 | 180407b xxu||||| |||| 00| 0 eng d | ||
| 020 | _a9781784539269 | ||
| 040 | _cPK-LaUMT | ||
| 082 |
_a956.10153092 _bOZG-W |
||
| 100 | _aOzgules, Muzaffer | ||
| 245 |
_aThe women who built the Ottoman world : _bfemale patronage and the architectural legacy of Gulnus Sultan / _cMuzaffer Ozgules |
||
| 260 |
_aLondon : _bI. B. Tauris, _c2017 |
||
| 300 | _a325 p. | ||
| 942 | _cBK | ||
| 999 |
_c104200 _d104200 |
||